00934nam a2200253Ia 4500003000400000005001700004008004100021020001500062040001800077041000800095082002000103100002900123245009100152250001200243260003800255300002800293650004700321650003400368650004300402700002600445942002700471999001900498952016300517OSt20241022101749.0210716s2006 xx 000 0 und d a812650918X cAIMIT LIBRARY aeng a511.2 22bBRAT aBradley, Teresa.9182876 aEssential mathematics for economics and business /cBy Teresa Bradley and Paul Patton. a2nd ed. aNew Delhi :bWiley India ,c2006. axvii,637p. ;bPBc24 cm aThe straight line and applications9182877 aFinancial mathematics9182878 aFunctions of several variables9182879 aPatton, Paul.9182880 2ddccBKe2k511.2 BRAT c205995d205995 00102ddc40708MBAaAIMITbAIMITd2010-12-15g379.00iBill no:ABK.507; Bill dt:2010-09l0o511.2 BRATpMBA08561r2026-05-23 00:00:00v284.25w2021-07-16yBK